Which German State...? - Statistics

General Stats
  • This quiz has been taken 32 times
  • The average score is 13 of 16
Answer Stats
Hint Answer % Correct
...hosts the original Oktoberfest? Bavaria
100%
...is home to the Black Forest? Baden-Württemberg
88%
...surrounds Berlin? Brandenburg
88%
...borders both the North and the Baltic Sea? Schleswig-Holstein
88%
...consists of two cities? Bremen
84%
...is where the Beatles performed for two years? Hamburg
84%
...has a Lake District and chalk cliffs? Mecklenburg-Vorpommern
84%
...is the most populous? North Rhine-Westphalia
84%
...belonged to France until 1957? Saarland
84%
...is the center of the Rhine-Main Area? Hesse
80%
...is crossed by Havel and Spree? Berlin
76%
...includes the region of Eastern Frisia? Lower Saxony
76%
...has two official "Luther cities"? Saxony-Anhalt
76%
...is famous for Meissen porcelain? Saxony
76%
...is home to the cities of Erfurt, Jena and Weimar? Thuringia
76%
...borders Luxembourg? Rhineland-Palatinate
72%
No matching quizzes found
Score Distribution
Percent of People with Each Score
Percentile by Number Answered
Your Score History
You have not taken this quiz